| 000 | 00356cam a2200145ua 4500 | ||
|---|---|---|---|
| 041 |
_aeng _h |
||
| 082 |
_a824 _bTHO/WA |
||
| 100 | _aThoreau, Henry David . | ||
| 245 |
_aWalden / _cHenry David Thoreau. _hTextual Documents |
||
| 260 |
_aLondon : _bJ M Dent and Sons Ltd , _c1962. |
||
| 300 | _a301 ; . | ||
| 504 | _a | ||
| 942 | _cBK | ||
| 999 |
_c8885 _d8885 |
||